Poesía francesa / (Record no. 183167)

MARC details
000 -LEADER
campo de control de longitud fija 00733nam a2200229 i 4500
001 - NÚMERO DE CONTROL
campo de control 183167
003 - IDENTIFICADOR DE NÚMERO DE CONTROL
campo de control ES-MaACL
005 - FECHA Y HORA DE LA ÚLTIMA TRANSACCIÓN
campo de control 20260610142459.0
008 - DATOS DE LONGITUD FIJA--INFORMACIÓN GENERAL
campo de control de longitud fija 140128s1977 mx |||| | spa d
080 ## - NÚMERO DE LA CLASIFICACIÓN DECIMAL UNIVERSAL
Número de la Clasificación Decimal Universal 821.133.1-14(082.2)
100 1# - ENTRADA PRINCIPAL--NOMBRE DE PERSONA
Nombre de persona Mallarmé, Stéphane (
Fechas asociadas al nombre 1842-1898)
9 (RLIN) 75791
245 10 - MENCIÓN DEL TÍTULO
Título Poesía francesa /
Mención de responsabilidad, etc. Stéphane Mallarmé, Arthur Rimbaud, Paul Valéry.
260 ## - PUBLICACIÓN, DISTRIBUCIÓN, ETC.
Lugar de publicación, distribución, etc. México :
Nombre del editor, distribuidor, etc. El Caballito,
Fecha de publicación, distribución, etc. 1977.
300 ## - DESCRIPCIÓN FÍSICA
Extensión 330 p. ;
Dimensiones 19 cm.
650 07 - PUNTO DE ACCESO ADICIONAL DE MATERIA--TÉRMINO DE MATERIA
Término de materia o nombre geográfico como elemento de entrada Poesía francesa
9 (RLIN) 136726
655 #7 - TERMINO DE INDIZACIÓN--GENERO/FORMA
Fuente del término tgfbne
Datos o término principal de género/forma Poesías
9 (RLIN) 176539
700 1# - ENTRADA AGREGADA--NOMBRE PERSONAL
Nombre de persona Rimbaud, Arthur,
Fechas asociadas al nombre 1854-1891
9 (RLIN) 97237
700 1# - ENTRADA AGREGADA--NOMBRE PERSONAL
Nombre de persona Valéry, Paul,
Fechas asociadas al nombre 1871-1945
9 (RLIN) 243197
852 ## - LOCALIZACIÓN
Ubicación ES-MaACL
Número de control de estantería L-29987
Nota libre .- Donat. Miguel A. Velasco
942 ## - ELEMENTOS DE ENTRADA SECUNDARIOS (KOHA)
Fuente del sistema de clasificación o colocación Clasificación decimal universal
Holdings
Estatus retirado Estado de pérdida Estado de daño No para préstamo Biblioteca de origen Biblioteca actual Ubicación en estantería Fecha de adquisición Fuente de adquisición Total de préstamos Signatura topográfica completa Código de barras Visto por última vez Precio de reemplazo Tipo de ítem Koha
        Biblioteca del Ateneo de Madrid Biblioteca del Ateneo de Madrid Depósito 2 28/01/2014     L-29987 1192512 23/02/2023 23/02/2023 Libro impreso